000 01174nam a22003257a 4500
003 CHAP
005 20220329134248.0
008 971013s1973 r 00010 d
010 _a17800
011 _a18772
035 _a22857
040 _cCHAP
082 _a630.58
_bH8
100 0 0 _aHutchinson, Martin T.
_ecomp.
_957032
245 _aRoster of scientists for the major food crops of the developing world
260 _aWashington :
_bAgency fot International Development,
_c1973
300 _a187 p.
_b: apénd.
590 _aBATCH-UPD
_b10
_c20130110
_lUCH01
_h0147
590 _aBATCH-UPD
_b10
_c20130110
_lUCH01
_h2227
590 _aBATCH-UPD
_b10
_c20130410
_lUCH01
_h1523
590 _aBATCH-UPD
_b10
_c20130913
_lUCH01
_h2049
590 _aCONVERSION
_b10
_c20130109
_lUCH01
_h1311
650 1 4 _aAgricultura
_xDirectorios.
_91396
650 1 4 _aAgricultura
_xInvestigacion
_xPaises subdesarrollados.
_91657
650 1 4 _aCientíficos
_xPaíses subdesarrollados
_xDirectorios.
_923252
901 _aBK
942 _cLIBRO
949 _a630.58 H8
_bBC
_cC
_d33724000566568
_eC
_h37750
_i22857
_mD
_si
949 _a630.58 H8
_bBC
_cLIBRO
_d33724000030862
_eLIBRO
_fc.2
_h54105
_i22857
_si
999 _c17800
_d17800